000 00772nam a2200193Ia 4500
008 151119s9999||||xx |||||||||||||| ||und||
082 _a780.954
082 _bGKKV9237
100 _a"भातखंडे, विष्णू नारायण"
245 _aहिंदुस्तानी संगीत पद्धती भाग १
260 _a--
260 _b--
260 _c0
600 _a"भातखंडे, विष्णू नारायण"
630 _aहिंदुस्तानी संगीत पद्धती भाग १
700 _a"भातखंडे, विष्णू नारायण"
730 _aहिंदुस्तानी संगीत पद्धती भाग १
942 _cBOOK
999 _c1063566
_d1063563